000 00668nam a22002297a 4500
001 000008631
005 20200929161357.0
008 921001s1992 sp 000 0 spa
010 _a92223488
020 _a8423321142
040 _aDO-SdBNP
_cDLC
082 _a863.44
_bG724e
100 1 _aGoytisolo, Luis,
_d1935-
_923064
245 1 0 _aEstatua con palomas /
_cLuis Goytisolo.
260 _aBarcelona :
_bEdiciones Destino,
_c1992.
300 _a346 p. ;
_c20 cm.
490 1 _aAncora y delfin
_v680
650 4 _aNovela española
_91123
650 4 _aLiteratura española
_9632
830 0 _aAncora y delfin ;
_v680
_923065
910 _aCatalogación por copia / LC
999 _c8401
_d8401